header

Introduction to Psychology : (Record no. 265212)

MARC details
000 -LEADER
fixed length control field 00489nam a22001817a 4500
003 - CONTROL NUMBER IDENTIFIER
control field OSt
005 - DATE AND TIME OF LATEST TRANSACTION
control field 20251117073249.0
008 - FIXED-LENGTH DATA ELEMENTS--GENERAL INFORMATION
fixed length control field 251117b |||||||| |||| 00| 0 eng d
020 ## - INTERNATIONAL STANDARD BOOK NUMBER
International Standard Book Number 9780495829294
International Standard Book Number 0495829293
040 ## - CATALOGING SOURCE
Original cataloging agency DLC
Language of cataloging eng
Transcribing agency DLC
Modifying agency RU
Description conventions rda
050 ## - LIBRARY OF CONGRESS CALL NUMBER
Classification number BF121
Item number .T35 2010
100 ## - MAIN ENTRY--PERSONAL NAME
Personal name Talbot, Shawn
245 ## - TITLE STATEMENT
Title Introduction to Psychology :
Remainder of title Gateways to mind and behavior
250 ## - EDITION STATEMENT
Edition statement 12e
260 ## - PUBLICATION, DISTRIBUTION, ETC. (IMPRINT)
Place of publication, distribution, etc Belmont, USA
Name of publisher, distributor, etc Wadsworth/Cengage
Date of publication, distribution, etc 2010
942 ## - ADDED ENTRY ELEMENTS (KOHA)
Source of classification or shelving scheme Library of Congress Classification
Koha item type Long Loan Books
Holdings
Withdrawn status Lost status Source of classification or shelving scheme Damaged status Not for loan Collection code Home library Current library Shelving location Date acquired Source of acquisition Total Checkouts Full call number Barcode Date last seen Price effective from Koha item type
    Library of Congress Classification     Non-fiction Rongo University Library Rongo University Library General Stacks 17/11/2025 Books for Africa   BF121 .T35 2010 20260852 17/11/2025 17/11/2025 Long Loan Books

© 2026 Rongo University
Contact us: librarian | system librarian | Rongo university